|
|
|
|
| LEADER |
00000nam a2200000 a 4500 |
| 001 |
vtls010191839 |
| 003 |
SK-MaSNL |
| 005 |
20260301031258.0 |
| 008 |
240313s2010 xo l d p 000 0 slo |
| 015 |
|
|
|a SNBA2011/02-00838
|
| 020 |
|
|
|a 9788022530484
|q (brož.)
|
| 035 |
|
|
|a 7C933D7D-37BC-4DDF-8278-080DD2EDD02F
|
| 035 |
|
|
|a urn:nbn:sk:snk-amlghc
|
| 035 |
|
|
|a urn:nbn:sk:snk-am0093u8
|
| 040 |
|
|
|a SNK
|b slo
|c SNK
|e AACR2
|
| 041 |
0 |
|
|a slo
|
| 043 |
|
|
|a e------
|
| 044 |
|
|
|a xo
|c SK
|
| 072 |
|
7 |
|a 341
|x Medzinárodné právo
|2 konspekt
|
| 072 |
|
7 |
|a 37.016
|x Učebné osnovy. Vyučovacie predmety. Učebnice
|2 konspekt
|
| 080 |
|
|
|a 061.1EU
|2 2001
|
| 080 |
|
|
|a [339.923+327](4)
|2 2001
|
| 080 |
|
|
|a 341.171
|2 2001
|
| 080 |
|
|
|a (075.8)
|2 2001
|
| 100 |
1 |
|
|a Hurná, Lucia
|4 aut
|9 326489
|
| 245 |
1 |
0 |
|a Právo Európskej únie
|c Lucia Hurná, Peter Rusiňák
|
| 250 |
|
|
|a 1. vyd.
|
| 260 |
|
|
|a Bratislava
|b Ekonóm
|c 2010
|
| 300 |
|
|
|a 395 s.
|b tab.
|c 21 cm
|
| 366 |
|
|
|e 300 výt.
|
| 504 |
|
|
|a Bibliogr. s. 275-279. Pozn.
|
| 610 |
2 |
7 |
|a Európska únia
|2 SNKKA
|9 29861
|
| 650 |
0 |
7 |
|a európska integrácia
|2 SNKPH
|9 2140
|
| 650 |
0 |
7 |
|a komunitárne právo
|2 SNKPH
|9 4432
|
| 655 |
|
7 |
|a učebnice vysokých škôl
|2 SNKPH
|9 70191
|
| 700 |
1 |
|
|a Rusiňák, Peter,
|d 1959-
|4 aut
|9 101809
|
| 919 |
|
|
|a 978-80-225-3048-4
|
| 958 |
|
|
|a NB
|
| 958 |
|
|
|a OND
|
| 968 |
|
|
|d 0
|
| 999 |
|
|
|c 576321
|d 578251
|
| 952 |
|
|
|a SNK
|b SNK
|y PREZ
|7 0
|p 17A0681139
|o snkSC 142998
|i snk2010/26124
|8 0
|0 0
|1 0
|4 0
|d 2010-11-25
|f 1
|l 0
|r 2025-07-10 00:00:00
|w 2026-02-23
|
| 952 |
|
|
|a SNK
|b SNK
|y VYP
|7 0
|p 17A0681138
|o snkSC 142998 D1
|i snk2010/26125
|8 0
|0 0
|1 0
|4 0
|d 2010-11-25
|l 0
|r 2026-02-23 14:33:03
|w 2026-02-23
|